1982 1556 1644 1182 1223 1349 1464 1472 1533 1718 1710 1642 1134 1571 1107 1370 1005 1743 1575 1844 1473 1931 1144 1692 1614 1431 1920 1234 1476 1756 1886 1672 1051 1539 1338 1425 1576 1748 1759 1396 1850 1697 1900 1825 1737 1960 1707 1513 1045 1385 1435 1195 1165 1731 1383 1296 1955 1002 1924 1230 1408 1283 1822 1873 1849 1251 1066 1295 1390 1155 1152 1005 1444 1961 1835 1028 1382 1356 1107 1071 1485 1239 1769 1784 1560 1932 1390 1819 1945 1202 1971 1021 1541 1556 1606 1604 1950 1643 1378 BCNSPRNW ULIB Ver.6.0+V

เปลี่ยนเป็นภาษาไทย

Change to English
 แสดงรายละเอียดบรรณานุกรม
  กลับหน้าหลัก

Brief Record : Get Marc (ISO 2709) : E-mail record : QR code < ปิดหน้าต่าง
LEADER : 00000nam a2200000Ia 4500
001    13399125419
003     ULIB
008    151123s2558 th a 000 0 tha d
020    ^a9789740334057
060 04 ^aQW160^bด148ว
100 0  ^aดลฤดี สงวนเสริมศรี
245 10 ^aไวรัสวิทยาทางการแพทย์พื้นฐาน =^bFundamental of medical virology/^cดลฤดี สงวนเสริมศรี
246 31 ^aFundamental of medical virology
250    ^aพิมพ์ครั้งที่ 1
260    ^aกรุงเทพฯ :^bสำนักพิมพ์แห่งจุฬาลงกรณ์มหาวิทยาลัย,^c2558
300    ^a142 หน้า :^bภาพประกอบ ;^c21 ซม.
650  0 ^aMedical virology
650  2 ^aVirology
650  4 ^aไวรัสวิทยาทางการแพทย์
650  4 ^aไวรัสวิทยา
945    ^p150^l0^i24556
945    ^p150^l0^i24558
945    ^p150^l0^i24584
945    ^p150^l0^i24587
945    ^p150^l0^i24588
945    ^p150^l0^i24593
945    ^p150^l0^i24594
945    ^p150^l0^i24597
945    ^p150^l0^i24598
945    ^p150^l0^i24619
995    ^aกัณชพร
999    ^aกัณชพร
รายการนี้ยังไม่มีแท็ก
คุณยังไม่ได้ล็อกอิน คุณสามารถมีกิจกรรมร่วมกับเว็บไซต์ได้ แต่ต้องล็อกอินก่อน ::
  ล็อกอิน

รายการสื่อสารสนเทศ

ลำดับที่ ประเภท เลขเรียก/บาร์โค้ด สถานที่ สถานะ
1. หนังสือสำรอง
หนังสือสำรอง
สถานะ=หนังสือเก่า
QW160 ด148ว ฉ.1 
  Barcode: 24556
ห้องสมุดวิทยาเขตนครสวรรค์
►ส่วนจัดเก็บหนังสือเก่า นว.
บนชั้น
  ขอยืม
2. วิทยาศาสตร์การแพทย์ และสุขภาพ
วิทยาศาสตร์การแพทย์ และสุขภาพ
สถานะ=หนังสือเก่า
QW160 ด148ว ฉ.10 
  Barcode: 24619
ห้องสมุดวิทยาเขตนครสวรรค์
►ส่วนจัดเก็บหนังสือเก่า นว.
บนชั้น
  ขอยืม
3. วิทยาศาสตร์การแพทย์ และสุขภาพ
วิทยาศาสตร์การแพทย์ และสุขภาพ
สถานะ=หนังสือเก่า
QW160 ด148ว ฉ.2 
  Barcode: 24558
ห้องสมุดวิทยาเขตนครสวรรค์
►ส่วนจัดเก็บหนังสือเก่า นว.
บนชั้น
  ขอยืม
4. วิทยาศาสตร์การแพทย์ และสุขภาพ
วิทยาศาสตร์การแพทย์ และสุขภาพ
สถานะ=หนังสือเก่า
QW160 ด148ว ฉ.3 
  Barcode: 24584
ห้องสมุดวิทยาเขตนครสวรรค์
►ส่วนจัดเก็บหนังสือเก่า นว.
บนชั้น
  ขอยืม
5. วิทยาศาสตร์การแพทย์ และสุขภาพ
วิทยาศาสตร์การแพทย์ และสุขภาพ
สถานะ=หนังสือเก่า
QW160 ด148ว ฉ.4 
  Barcode: 24587
ห้องสมุดวิทยาเขตนครสวรรค์
►ส่วนจัดเก็บหนังสือเก่า นว.
บนชั้น
  ขอยืม
6. วิทยาศาสตร์การแพทย์ และสุขภาพ
วิทยาศาสตร์การแพทย์ และสุขภาพ
สถานะ=หนังสือเก่า
QW160 ด148ว ฉ.5 
  Barcode: 24588
ห้องสมุดวิทยาเขตนครสวรรค์
►ส่วนจัดเก็บหนังสือเก่า นว.
บนชั้น
  ขอยืม
7. วิทยาศาสตร์การแพทย์ และสุขภาพ
วิทยาศาสตร์การแพทย์ และสุขภาพ
สถานะ=หนังสือเก่า
QW160 ด148ว ฉ.6 
  Barcode: 24593
ห้องสมุดวิทยาเขตนครสวรรค์
►ส่วนจัดเก็บหนังสือเก่า นว.
บนชั้น
  ขอยืม
8. วิทยาศาสตร์การแพทย์ และสุขภาพ
วิทยาศาสตร์การแพทย์ และสุขภาพ
สถานะ=หนังสือเก่า
QW160 ด148ว ฉ.7 
  Barcode: 24594
ห้องสมุดวิทยาเขตนครสวรรค์
►ส่วนจัดเก็บหนังสือเก่า นว.
บนชั้น
  ขอยืม
9. วิทยาศาสตร์การแพทย์ และสุขภาพ
วิทยาศาสตร์การแพทย์ และสุขภาพ
สถานะ=หนังสือเก่า
QW160 ด148ว ฉ.8 
  Barcode: 24597
ห้องสมุดวิทยาเขตนครสวรรค์
►ส่วนจัดเก็บหนังสือเก่า นว.
บนชั้น
  ขอยืม
10. วิทยาศาสตร์การแพทย์ และสุขภาพ
วิทยาศาสตร์การแพทย์ และสุขภาพ
สถานะ=หนังสือเก่า
QW160 ด148ว ฉ.9 
  Barcode: 24598
ห้องสมุดวิทยาเขตนครสวรรค์
►ส่วนจัดเก็บหนังสือเก่า นว.
บนชั้น
  ขอยืม

รายการใกล้เคียง
    ผู้แต่ง [ดลฤดี สงวนเสริมศรี]

    หัวเรื่อง [Medical virology]
    หัวเรื่อง [Virology]
    หัวเรื่อง [ไวรัสวิทยาทางการแพทย์]
    หัวเรื่อง [ไวรัสวิทยา]

BibComment


ยังไม่เคยถูกคอมเมนท์

คอมเมนท์ทรัพยากรรายการนี้
  คอมเมนท์: ไวรัสวิทยาทางการ..


 Copyright 2026. Bcnsprnw @Library